|
|
|
|
| LEADER |
00000nam0a2200000 4500 |
| 001 |
67815 |
| 005 |
20231031074049.0 |
| 035 |
|
|
|a (RuTPU)RU\TPU\book\72209
|
| 090 |
|
|
|a 67815
|
| 100 |
|
|
|a 20040924d1970 k y0rusy50 ca
|
| 101 |
1 |
|
|a rus
|c eng
|
| 102 |
|
|
|a RU
|
| 105 |
|
|
|a a z 001zy
|
| 200 |
1 |
|
|a Геология нефти и газа
|e пер. с англ.
|f А. И. Леворсен
|
| 205 |
|
|
|a 2-е изд., перераб. и доп.
|
| 210 |
|
|
|a Москва
|c Мир
|d 1970
|
| 215 |
|
|
|a 639 с.
|c ил.
|
| 225 |
1 |
|
|a Науки о Земле. Фундаментальные труды зарубежных ученых по геологии, геофизике и геохимии
|v Т. 22
|
| 300 |
|
|
|a Доп. тит. лист
|
| 320 |
|
|
|a Библиография в конце глав.
|
| 320 |
|
|
|a Предметный указатель: с. 627-638.
|
| 610 |
1 |
|
|a геология
|
| 610 |
1 |
|
|a газ
|
| 610 |
1 |
|
|a газовые месторождения
|
| 610 |
1 |
|
|a нефтяные месторождения
|
| 610 |
1 |
|
|a геофизика
|
| 610 |
1 |
|
|a геохимия
|
| 675 |
|
|
|a 553.98
|v 3
|
| 700 |
|
1 |
|a Леворсен
|b А. И.
|
| 801 |
|
1 |
|a RU
|b 63413507
|c 20040924
|g PSBO
|
| 801 |
|
2 |
|a RU
|b 63413507
|c 20051209
|g PSBO
|
| 942 |
|
|
|c BK
|